| 000 | 00436 a2200157 4500 | ||
|---|---|---|---|
| 005 | 20250625084330.0 | ||
| 020 | _a978-0-07-313831-2 | ||
| 082 | _a658.4'5 SAT | ||
| 100 | _aSATTERWHITE, M. L. | ||
| 245 | _aBusiness Communication at Work. | ||
| 250 | _a3rd Ed. | ||
| 260 |
_aNew York, _bMc Graw-Hill Irwin, _c2007. |
||
| 300 |
_axiv, 522p.: ill.; figure, picture _bIndex & References _c27cm |
||
| 700 | _aSUTTON, J. O. | ||
| 942 |
_2ddc _cBKS |
||
| 999 |
_c4960 _d4960 |
||